Khoa học toàn thư = Explanatorium of science
Giới thiệu một số kiến thức khoa học thường thức về vật chất, phản ứng, vật liệu, năng lượng, các loại lực, sự sống và trái đất
Guardado en:
| Autor principal: | |
|---|---|
| Autores Corporativos: | , |
| Formato: | Libro |
| Lenguaje: | Vietnamese |
| Publicado: |
H.
Dân Trí
2024
|
| Materias: | |
| Etiquetas: |
Agregar Etiqueta
Sin Etiquetas, Sea el primero en etiquetar este registro!
|
| Thư viện lưu trữ: | Thư viện Trường Đại học Nam Cần Thơ |
|---|
| LEADER | 01061nam a22002177a 4500 | ||
|---|---|---|---|
| 001 | NCT_4_022808 | ||
| 008 | 250625b xxu||||| |||| 00| 0 vie d | ||
| 999 | |c 9116 |d 9116 | ||
| 020 | |a 9786044026473 |c 650000 | ||
| 082 | 0 | 4 | |2 23rd ed. |a 500 |b W783 |
| 100 | 1 | |a Winston, Robert | |
| 245 | 1 | 0 | |a Khoa học toàn thư |b = Explanatorium of science |c Robert Winston ; Từ Thanh Thảo, Nguyễn Văn Hai dịch |
| 260 | |a H. |b Dân Trí |c 2024 | ||
| 300 | |a 319 tr. |b Minh họa |c 30 cm | ||
| 520 | 3 | |a Giới thiệu một số kiến thức khoa học thường thức về vật chất, phản ứng, vật liệu, năng lượng, các loại lực, sự sống và trái đất | |
| 653 | |a Tham khảo | ||
| 710 | 1 | |a Từ Thanh Thảo |b dịch | |
| 710 | 1 | |a Nguyễn Văn Hai |b dịch | |
| 942 | |2 ddc |c BK | ||
| 952 | |0 0 |1 0 |2 ddc |4 0 |6 500_000000000000000_W783 |7 0 |9 30953 |a 000001 |b 000001 |d 2025-06-25 |o 500 W783 |p TK.05560 |r 2025-06-25 |v 650000.00 |w 2025-06-25 |y BK | ||
| 980 | |a Thư viện Trường Đại học Nam Cần Thơ | ||


